Home Science-XII (Record no. 12575)
[ view plain ]
| 000 -LEADER | |
|---|---|
| fixed length control field | 00265nam a22000977a 4500 |
| 008 - FIXED-LENGTH DATA ELEMENTS--GENERAL INFORMATION | |
| fixed length control field | 240422b |||||||| |||| 00| 0 eng d |
| 020 ## - INTERNATIONAL STANDARD BOOK NUMBER | |
| International Standard Book Number | 9789391184100 |
| 100 ## - MAIN ENTRY--PERSONAL NAME | |
| Personal name | Chowdhury Roy Guha Bidisha |
| 9 (RLIN) | 7770 |
| 245 ## - TITLE STATEMENT | |
| Title | Home Science-XII |
| 260 ## - PUBLICATION, DISTRIBUTION, ETC. (IMPRINT) | |
| Place of publication, distribution, etc. | Agra |
| Name of publisher, distributor, etc. | Oswal Publishers |
| Date of publication, distribution, etc. | 2022 |
| Withdrawn status | Lost status | Source of classification or shelving scheme | Damaged status | Koha normalized classification for sorting | Not for loan | Home library | Current library | Shelving location | Date acquired | Total Checkouts | Total Renewals | Full call number | Barcode | Date last seen | Date last checked out | Price effective from | Koha item type |
|---|---|---|---|---|---|---|---|---|---|---|---|---|---|---|---|---|---|
| Dewey Decimal Classification | CHO_640_000000000000000 | Good Samaritan School Library | Good Samaritan School Library | Home Science | 04/22/2024 | 9 | 7 | CHO640 | CHO17918 | 12/01/2025 | 10/31/2025 | 04/22/2024 | BOOK |